[Event "Veterans 2018"]
[Site "Aubagne"]
[Date "2018.05.31"]
[Round "5.9"]
[White "Thiers, Jean-Jacques"]
[Black "Masson, Wally"]
[Result "1-0"]
[WhiteElo "1606"]
[BlackElo "1150"]
[PlyCount "113"]

1. d4 d5 2. c4 e6 3. Bf4 Nf6 4. e3 Be7 5. Nc3 Bb4 6. a3 Bxc3+ 7. bxc3 O-O 8.
Nf3 Ne4 9. Qc2 b6 10. Bd3 f5 11. O-O Nc6 12. Rab1 Ba6 13. cxd5 Bxd3 14. Qxd3
exd5 15. c4 Ne7 16. cxd5 Nxd5 17. Be5 c6 18. Rfc1 Rc8 19. Rc2 b5 20. Bg3 Qa5
21. Ne5 Ndc3 22. Rb3 Nd5 23. f3 Nxg3 24. hxg3 Qe1+ 25. Qf1 Qxf1+ 26. Kxf1 Ne7
27. Rbc3 Rf6 28. Kf2 a5 29. Rc5 g6 30. g4 f4 31. e4 g5 32. d5 b4 33. axb4 axb4
34. Nxc6 Nxc6 35. dxc6 b3 36. Rb2 Rfxc6 37. Rxc6 Rxc6 38. Rxb3 h6 39. Rb7 Rc2+
40. Kg1 Rc1+ 41. Kh2 Rc6 42. Kh3 h5 43. gxh5 Rd6 44. Rb5 g4+ 45. Kxg4 Rh6 46.
Kxf4 Kg7 47. g4 Rf6+ 48. Rf5 Rxf5+ 49. Kxf5 Kf7 50. e5 Kg7 51. e6 Kf8 52. h6
Ke8 53. h7 Ke7 54. h8=Q Kd6 55. Qd4+ Ke7 56. Qd7+ Kf8 57. Qf7# 1-0

[Event "Veterans 2018"]
[Site "Aubagne"]
[Date "2018.05.31"]
[Round "5.10"]
[White "Derien, Robert"]
[Black "Cotton, Paul"]
[Result "0-1"]
[WhiteElo "1557"]
[BlackElo "1386"]
[PlyCount "204"]

1. e4 c5 2. Nf3 d6 3. d4 cxd4 4. Nxd4 Nf6 5. Nc3 g6 6. Bb5+ Bd7 7. Qe2 Bg7 8.
Be3 O-O 9. O-O a6 10. Bd3 Nc6 11. Nxc6 Bxc6 12. a4 Rc8 13. a5 Qd7 14. f3 Rb8
15. Rfd1 Qc8 16. Rab1 Nd7 17. Nd5 Bxd5 18. exd5 Nc5 19. Bc4 Qc7 20. b4 Na4 21.
Bd2 Rfc8 22. Bb3 Nc3 23. Bxc3 Bxc3 24. Ba4 Bf6 25. Rd3 b5 26. Bb3 Qd7 27. Qe3
Rc7 28. c3 Rbc8 29. Rc1 Qf5 30. Rc2 Qh5 31. Qb6 Qe5 32. Re3 Qg5 33. Rd3 Bxc3
34. Qf2 Bxb4 35. Kf1 Qe5 36. Re2 Qxh2 37. g3 Qh1+ 38. Qg1 Rc1+ 39. Bd1 Qxf3+
40. Rxf3 Rxd1+ 41. Kf2 Rxg1 42. Kxg1 Rc7 43. Kg2 f6 44. Rfe3 Kf7 45. Re4 Bc5
46. Rc2 Rb7 47. Kf3 b4 48. Rb2 Rb5 49. Ra2 b3 50. Rb2 Ba3 51. Rb1 b2 52. Ra4
Rb3+ 53. Kf4 h6 54. g4 Rc3 55. Rd4 Rc1 56. Rd1 Rc5 57. Ke4 Rxa5 58. Rd3 Ra4+
59. Kf3 g5 60. Ke2 Kg6 61. Kd1 h5 62. gxh5+ Kxh5 63. Kc2 Rc4+ 64. Kb3 Rc1 65.
Rd1 Rxb1 66. Rxb1 Bc5 67. Rxb2 f5 68. Kc4 g4 69. Rh2+ Kg6 70. Kd3 g3 71. Rg2 f4
72. Ke2 Kg5 73. Kf3 Be3 74. Ra2 Kh4 75. Ra1 a5 76. Rh1+ Kg5 77. Rh8 a4 78. Ra8
Kh4 79. Rxa4 Kh3 80. Ra2 Kh4 81. Ra8 Kg5 82. Rf8 Kg6 83. Rh8 Kf6 84. Rh6+ Ke5
85. Rh5+ Kd4 86. Rf5 Kc5 87. Rg5 Kc4 88. Ke4 Kc5 89. Rg7 Kc4 90. Rxe7 g2 91.
Rg7 g1=Q 92. Rxg1 Bxg1 93. Kxf4 Kxd5 94. Kf3 Ke5 95. Ke2 d5 96. Kd3 Ba7 97. Ke2
Ke4 98. Kd2 d4 99. Ke2 d3+ 100. Kd2 Be3+ 101. Ke1 Kf3 102. Kf1 Bd2 0-1

[Event "Veterans 2018"]
[Site "Aubagne"]
[Date "2018.05.31"]
[Round "5.11"]
[White "Guidini, Rene"]
[Black "Graells, Christian"]
[Result "0-1"]
[WhiteElo "1464"]
[BlackElo "1520"]
[PlyCount "88"]

1. e4 e5 2. Nf3 Nc6 3. Bc4 Nf6 4. d3 Be7 5. c3 O-O 6. a4 d6 7. Bb3 Bg4 8. h3
Bh5 9. O-O Na5 10. Bc2 c5 11. Re1 Nc6 12. Nbd2 Qd7 13. Nf1 Ne8 14. Ne3 Nc7 15.
Nf5 Bf6 16. g4 Bg6 17. g5 Bd8 18. N3h4 Ne6 19. Qg4 Ne7 20. Kh2 f6 21. Bb3 Bf7
22. Rg1 Nxf5 23. Nxf5 fxg5 24. Bxg5 Bxg5 25. h4 h5 26. Qh3 Bf4+ 27. Kh1 Kh8 28.
Nxg7 Rae8 29. Rg2 Re7 30. Nf5 Nd4 31. Bxf7 Rexf7 32. cxd4 exd4 33. Rag1 Qc6 34.
Qf3 Rxf5 35. Qe2 Re5 36. f3 Qxa4 37. Rg7 Be3 38. R1g6 Qa1+ 39. Kh2 Bf4+ 40. Kg2
Qa5 41. Rxb7 Qd8 42. Qf2 Rg8 43. Rxg8+ Qxg8+ 44. Kh3 Qc8+ 0-1

[Event "Veterans 2018"]
[Site "Aubagne"]
[Date "2018.05.31"]
[Round "5.12"]
[White "Hidreau, Olivier"]
[Black "Lassalle, Marc"]
[Result "0-1"]
[WhiteElo "1390"]
[BlackElo "1405"]
[PlyCount "74"]

1. e4 d5 2. e5 Nc6 3. d4 Bf5 4. f4 e6 5. Nf3 Nb4 6. Bb5+ c6 7. Ba4 Qa5 8. Nc3
b5 9. Bb3 c5 10. dxc5 Bxc5 11. Nd4 Bxd4 12. Bd2 Qb6 13. Rf1 Bxc3 14. bxc3 Nc6
15. h3 Be4 16. Qe2 Nge7 17. Be3 Qb7 18. Bc5 O-O 19. g4 f6 20. O-O-O a5 21. a3
a4 22. Ba2 fxe5 23. fxe5 Nxe5 24. Bd6 Bf3 25. Rxf3 Nxf3 26. Qxe6+ Rf7 27. Bxd5
Nxd5 28. Rxd5 Qc8 29. Qe4 Qxc3 30. Be5 Qe1+ 31. Qxe1 Nxe1 32. Bc3 Ng2 33. Bd2
Rb8 34. Rd4 Rf3 35. Kb2 Rxh3 36. Rd7 g6 37. Bg5 Kf8 0-1

[Event "Veterans 2018"]
[Site "Aubagne"]
[Date "2018.05.31"]
[Round "5.13"]
[White "Olive, Alain"]
[Black "Bertrand, Frederic"]
[Result "0-1"]
[WhiteElo "1182"]
[BlackElo "1579"]
[PlyCount "86"]

1. e3 e5 2. d3 d5 3. h3 Nf6 4. a3 Nc6 5. Nc3 Be6 6. g4 h6 7. Bg2 Bd6 8. b4 O-O
9. Nge2 a5 10. b5 Ne7 11. g5 hxg5 12. e4 Nh7 13. exd5 Bf5 14. Be4 Qd7 15. Ng3
Bxe4 16. Ngxe4 Qf5 17. Nxd6 cxd6 18. b6 Nf6 19. Nb5 Rad8 20. a4 Nexd5 21. Ba3
Ne8 22. Rh2 Nxb6 23. Qh5 Nf6 24. Qe2 Nc8 25. O-O-O Qf4+ 26. Qe3 Qxh2 27. Qxg5
Qf4+ 28. Qxf4 exf4 29. Rg1 g6 30. Bb2 Nh5 31. Nd4 Ne7 32. Nf3 Nf5 33. Ng5 d5
34. d4 Rc8 35. c3 Nxd4 36. Kd2 Nf5 37. Re1 Rfe8 38. Rb1 b6 39. Ba1 Rc6 40. Rb5
Ne7 41. Kd3 Rd8 42. Kd4 Rc4+ 43. Ke5 Nc6# 0-1

[Event "Veterans 2018"]
[Site "Aubagne"]
[Date "2018.05.31"]
[Round "5.14"]
[White "Marku, Demeter"]
[Black "Rocchia, Alex"]
[Result "0-1"]
[WhiteElo "1510"]
[BlackElo "1275"]
[PlyCount "80"]

1. e4 e5 2. Nf3 Nc6 3. Bc4 Nd4 4. O-O Nxf3+ 5. Qxf3 Qf6 6. Qb3 Bc5 7. Nc3 Ne7
8. d3 O-O 9. Be3 Bb6 10. a4 a6 11. a5 Ba7 12. Rad1 Nc6 13. Nd5 Qd6 14. Qc3 Bd4
15. Bxd4 Nxd4 16. Ba2 Ne2+ 17. Kh1 Nxc3 18. bxc3 Rb8 19. f4 c6 20. fxe5 Qxe5
21. Rf5 d6 22. Rxe5 dxe5 23. Ne7+ Kh8 24. Rf1 Be6 25. Bb3 Bxb3 26. cxb3 g6 27.
Rf6 Rbe8 28. Nxc6 bxc6 29. Rxc6 Rc8 30. Rxc8 Rxc8 31. c4 Rb8 32. b4 Rxb4 33.
Kg1 Ra4 34. Kf2 Rxa5 35. Ke3 Ra3 36. g4 Kg7 37. g5 Kf8 38. h4 Ke7 39. Kd2 Kd6
40. Kc2 a5 0-1

[Event "Veterans 2018"]
[Site "Aubagne"]
[Date "2018.05.31"]
[Round "5.15"]
[White "Ulloa, Philippe"]
[Black "Gaudfernau, Pierre"]
[Result "0-1"]
[WhiteElo "1329"]
[BlackElo "1245"]
[PlyCount "52"]

1. d4 d5 2. c4 Nf6 3. Nc3 c6 4. h3 e6 5. a3 Bd6 6. Qc2 Nbd7 7. Nf3 c5 8. Nb5
Qb6 9. Nxd6+ Qxd6 10. dxc5 Nxc5 11. Bg5 e5 12. Rd1 O-O 13. Bxf6 Qxf6 14. Rxd5
Bf5 15. Qd1 Rad8 16. e3 Be4 17. b4 Bxd5 18. cxd5 e4 19. Nh2 Qc3+ 20. Qd2 Qxd2+
21. Kxd2 Rxd5+ 22. Kc2 Na4 23. Kb3 Nb6 24. Be2 Rd2 25. Re1 Rc8 26. Nf1 Rdc2 0-1

[Event "Veterans 2018"]
[Site "Aubagne"]
[Date "2018.05.31"]
[Round "5.16"]
[White "Amoros, Jean"]
[Black "Pietrac, Christian"]
[Result "1-0"]
[WhiteElo "1453"]
[BlackElo "1242"]
[PlyCount "81"]

1. e4 d6 2. Nc3 Nf6 3. Bc4 g6 4. f4 Bg4 5. Nf3 Bg7 6. e5 Nfd7 7. Bxf7+ Kxf7 8.
Ng5+ Ke8 9. Qxg4 Nc5 10. b4 Qd7 11. e6 Nxe6 12. Qxe6 Nc6 13. Qf7+ Kd8 14. Qxg7
Qe8 15. Nf7+ Kd7 16. Nxh8 Qxh8 17. Qxh8 Rxh8 18. a3 Nd4 19. Ra2 Rf8 20. d3 c6
21. O-O d5 22. Be3 Ne6 23. g3 a6 24. Ne2 b5 25. c3 h5 26. Rc2 Ng7 27. c4 Nf5
28. Bf2 e6 29. Rfc1 Ne7 30. Bc5 Rc8 31. Nd4 Ng8 32. Re1 Re8 33. Nf3 Nf6 34.
Ne5+ Kc7 35. Nxg6 Nd7 36. Bd4 Nb6 37. f5 bxc4 38. Bxb6+ Kxb6 39. Rxe6 Rd8 40.
Ne5 Rc8 41. dxc4 1-0

[Event "Veterans 2018"]
[Site "Aubagne"]
[Date "2018.05.31"]
[Round "5.17"]
[White "Lognos, Lina"]
[Black "Autouard, Jean-Luc"]
[Result "0-1"]
[WhiteElo "1004"]
[BlackElo "1240"]
[PlyCount "61"]

1. Nf3 f5 2. c4 Nf6 3. d3 e6 4. Nc3 Be7 5. g3 O-O 6. Bg2 Nc6 7. a3 d5 8. cxd5
exd5 9. Qb3 Kh8 10. O-O Be6 11. d4 Na5 12. Qc2 Nc4 13. Ng5 Bc8 14. b3 Nb6 15.
Nb5 c6 16. Nc3 Nh5 17. Nf3 Nd7 18. Qd3 Ndf6 19. Bh3 Ne4 20. b4 Bd6 21. Nd2 Nxc3
22. Qxc3 f4 23. g4 Nf6 24. f3 h5 25. e4 fxe3 26. Qxe3 Re8 27. Qg5 Qb6 28. Bb2
Qb5 29. f4 Qd3 30. f5 Qxh3 31. Rf3 0-1

[Event "Veterans 2018"]
[Site "Aubagne"]
[Date "2018.05.31"]
[Round "5.18"]
[White "Boudet, Nicole"]
[Black "Betry, Bernard"]
[Result "1-0"]
[WhiteElo "1071"]
[BlackElo "1220"]
[PlyCount "75"]

1. e4 d6 2. d4 Nf6 3. Nc3 g6 4. Bf4 Bg7 5. Qd2 O-O 6. Nf3 Nbd7 7. Be2 b6 8. O-O
Bb7 9. e5 Ne4 10. Nxe4 Bxe4 11. Rfe1 d5 12. Bg5 f6 13. exf6 exf6 14. Bf4 c6 15.
Bh6 Bxf3 16. Bxf3 f5 17. Bxg7 Kxg7 18. Re6 Rc8 19. Rae1 Nf6 20. Re7+ Rf7 21.
Rxf7+ Kxf7 22. c3 Ne4 23. Bxe4 dxe4 24. Qf4 Kg7 25. f3 Qc7 26. Qh4 Re8 27. fxe4
Qf7 28. e5 Qxa2 29. Qf6+ Kg8 30. Qxc6 Qxb2 31. Qxe8+ Kg7 32. Qc6 Kh6 33. e6 Qd2
34. Kf1 Qf4+ 35. Qf3 Qxh2 36. Qe3+ f4 37. Qh3+ Qxh3 38. gxh3 1-0

[Event "Veterans 2018"]
[Site "Aubagne"]
[Date "2018.05.31"]
[Round "5.19"]
[White "Periale, Albert"]
[Black "Sirvente, Jean-Jacques"]
[Result "1-0"]
[WhiteElo "1297"]
[BlackElo "1090"]
[PlyCount "65"]

1. d4 d5 2. Bf4 Bf5 3. c3 Nf6 4. Nf3 e6 5. Nbd2 Be7 6. h3 Bd6 7. Ne5 O-O 8. e3
Nh5 9. Qxh5 Bg6 10. Nxg6 fxg6 11. Qg4 Qe7 12. Bd3 Bxf4 13. exf4 Nd7 14. O-O Qd6
15. g3 Nf6 16. Qe2 b6 17. Nf3 Nd7 18. Rad1 c5 19. dxc5 Nxc5 20. Bc2 Qd7 21. Ne5
Qd6 22. c4 d4 23. b4 Nd7 24. a3 Nxe5 25. fxe5 Qc7 26. Rxd4 Rf5 27. Bxf5 gxf5
28. Rfd1 Rf8 29. f4 h6 30. Qd3 a6 31. Rd8 b5 32. Rxf8+ Kxf8 33. Qd6+ 1-0

[Event "Veterans 2018"]
[Site "Aubagne"]
[Date "2018.05.31"]
[Round "6.1"]
[White "Moncamp, Gilles"]
[Black "Colandrea, Sauveur"]
[Result "1-0"]
[WhiteElo "2107"]
[BlackElo "1737"]
[PlyCount "50"]

1. e4 d6 2. d4 Nf6 3. Nc3 Nbd7 4. Bc4 e5 5. Nf3 Be7 6. h3 c6 7. a4 O-O 8. Be3
b6 9. Qe2 a6 10. g4 Bb7 11. g5 Ne8 12. Rd1 Qc7 13. h4 exd4 14. Nxd4 Ne5 15. Bb3
Bc8 16. f4 Bg4 17. Qg2 Bxd1 18. Kxd1 Rd8 19. Kc1 g6 20. h5 Ng7 21. hxg6 hxg6
22. Rh6 Nh5 23. fxe5 dxe5 24. Rxg6+ Kh7 25. Rh6+ Kg7 1-0

[Event "Veterans 2018"]
[Site "Aubagne"]
[Date "2018.05.31"]
[Round "6.2"]
[White "Blanc, Michel"]
[Black "Cescon, Moreno"]
[Result "1/2-1/2"]
[WhiteElo "1615"]
[BlackElo "1782"]
[PlyCount "98"]

1. d4 c5 2. c3 cxd4 3. cxd4 d5 4. Nf3 Nf6 5. Nc3 Nc6 6. Bg5 Ne4 7. Bf4 Qa5 8.
Qa4 e6 9. Qxa5 Nxa5 10. Nxe4 dxe4 11. Nd2 Bb4 12. a3 Bxd2+ 13. Bxd2 Nb3 14. Rb1
Nxd4 15. Bc3 e5 16. e3 Nc6 17. Bb5 f6 18. O-O O-O 19. Rbc1 Be6 20. Bxc6 bxc6
21. Bb4 Rfc8 22. Rfd1 a5 23. Bc5 Rab8 24. b4 axb4 25. axb4 Bd5 26. Ra1 Ra8 27.
Kf1 Rd8 28. Ke1 Kf7 29. Bb6 Rdb8 30. Bc5 g5 31. Kd2 h5 32. g3 Kg6 33. Kc3 f5
34. Kb2 f4 35. h4 gxh4 36. gxh4 Kf5 37. Rg1 Rxa1 38. Kxa1 Ra8+ 39. Kb1 f3 40.
Rg5+ Kf6 41. Bd6 Ra3 42. Bxe5+ Ke6 43. Bg3 Rb3+ 44. Kc2 Rxb4 45. Rxh5 Rb7 46.
Kc3 Rg7 47. Rg5 Rb7 48. Rg6+ Kf5 49. Rg5+ Kf6 1/2-1/2

[Event "Veterans 2018"]
[Site "Aubagne"]
[Date "2018.05.31"]
[Round "6.3"]
[White "Reynaud, Jacques"]
[Black "Kleitz, Michel"]
[Result "0-1"]
[WhiteElo "1391"]
[BlackElo "1719"]
[PlyCount "64"]

1. Nf3 c5 2. c4 e6 3. e3 d5 4. d4 Nf6 5. Nc3 Nc6 6. cxd5 exd5 7. a3 cxd4 8.
Nxd4 a6 9. b4 Be7 10. Bd3 Nxd4 11. exd4 O-O 12. O-O Qd6 13. Ne2 Bg4 14. Bf4 Qd7
15. f3 Bf5 16. Rc1 Rfc8 17. Qd2 h6 18. Ng3 Be6 19. Be5 Ne8 20. Ne2 f6 21. Bg3
g5 22. f4 Nd6 23. Rce1 Ne4 24. Bxe4 dxe4 25. fxg5 hxg5 26. h4 Bc4 27. hxg5 fxg5
28. Be5 Qg4 29. Qe3 a5 30. bxa5 Rxa5 31. Rf2 Rxa3 32. Qc1 Bxe2 0-1

[Event "Veterans 2018"]
[Site "Aubagne"]
[Date "2018.05.31"]
[Round "6.4"]
[White "Pierrugues, Laurent"]
[Black "Rouaud, Robert"]
[Result "1-0"]
[WhiteElo "1768"]
[BlackElo "1364"]
[PlyCount "127"]

1. e4 e5 2. Nf3 d6 3. d4 exd4 4. Nxd4 Be7 5. Be2 Nf6 6. Nc3 a6 7. O-O Bd7 8.
Be3 Nc6 9. Qd2 h6 10. Rfe1 Nh7 11. f4 O-O 12. Nf3 Bf6 13. Rad1 Be7 14. e5 Be6
15. Nd5 Bxd5 16. Qxd5 Rb8 17. Qe4 Qd7 18. f5 Qe8 19. Bc4 dxe5 20. Nxe5 Bd6 21.
Bf4 Nf6 22. Nxf7 Nxe4 23. Nxd6+ Kh7 24. Nxe8 Rbxe8 25. Bd5 Nd6 26. Rxe8 Nxe8
27. Bxc6 bxc6 28. Rd8 Kg8 29. g4 Nf6 30. Rxf8+ Kxf8 31. h3 Nd5 32. Bd2 Kf7 33.
Kf2 Nf6 34. Ke2 Ne4 35. Ba5 Nd6 36. Bxc7 Nc4 37. b3 Na3 38. c3 Nb5 39. Be5 Na7
40. a4 Nc8 41. Kd3 Ne7 42. b4 Nd5 43. Kc4 g6 44. Kc5 gxf5 45. gxf5 Ne3 46. f6
Ke6 47. Bd4 Nd5 48. Kxc6 Nxf6 49. Bxf6 Kxf6 50. b5 axb5 51. axb5 Ke6 52. b6 Ke5
53. b7 Kf4 54. b8=Q+ Kg5 55. Qg3+ Kf6 56. Kd6 h5 57. c4 Kf5 58. c5 Ke4 59. c6
Kd4 60. c7 h4 61. Qxh4+ Ke3 62. c8=R Kf3 63. Rc3+ Kg2 64. Qa4 1-0

[Event "Veterans 2018"]
[Site "Aubagne"]
[Date "2018.05.31"]
[Round "6.5"]
[White "Vicari-Vento, Salvatore"]
[Black "Battaglia, Gerard"]
[Result "0-1"]
[WhiteElo "1373"]
[BlackElo "1749"]
[PlyCount "60"]

1. e4 e5 2. Nf3 d6 3. Bc4 Be7 4. h3 Nf6 5. d3 O-O 6. O-O Nbd7 7. Nc3 a6 8. a3
b5 9. Ba2 Bb7 10. Bg5 c5 11. b4 cxb4 12. axb4 Rb8 13. Ne2 Qc7 14. c3 Nb6 15.
Bb3 h6 16. Bd2 Rbd8 17. Ng3 d5 18. Qc2 Bd6 19. Nf5 dxe4 20. Nxd6 exd3 21. Qxd3
Rxd6 22. Qb1 Bxf3 23. gxf3 Rxd2 24. Rxa6 Qb7 25. Qc1 Rd3 26. Rxb6 Qxb6 27. Bd1
Rc8 28. Kg2 Nh5 29. Kh2 Nf4 30. Qc2 Qe6 0-1

[Event "Veterans 2018"]
[Site "Aubagne"]
[Date "2018.05.31"]
[Round "6.6"]
[White "Deregnaucourt, Yves"]
[Black "Lassalle, Marc"]
[Result "1/2-1/2"]
[WhiteElo "1664"]
[BlackElo "1405"]
[PlyCount "114"]

1. e4 d5 2. exd5 Nf6 3. d4 Bf5 4. Qf3 Bxc2 5. Bb5+ Nbd7 6. Nc3 a6 7. Be2 Rb8 8.
Nh3 Nb6 9. Nf4 g6 10. Be3 Bg7 11. Rc1 Bf5 12. h3 O-O 13. g4 Bd7 14. g5 Nfxd5
15. Ncxd5 Nxd5 16. Qxd5 e6 17. Qc4 Bc6 18. f3 Qxg5 19. h4 Qa5+ 20. Bd2 Qb6 21.
Bc3 Rbd8 22. Rd1 Bh6 23. Ng2 Bb5 24. Qb3 Qc6 25. Bd2 Ba4 26. Qc3 Qxc3 27. bxc3
Bxd2+ 28. Rxd2 Rfe8 29. h5 e5 30. hxg6 fxg6 31. Bc4+ Kg7 32. Kf2 exd4 33. Rxd4
Rxd4 34. cxd4 b5 35. Bb3 Bxb3 36. axb3 Re6 37. Rc1 c6 38. Ne3 Rd6 39. Nc2 a5
40. Re1 Kf7 41. Re4 Rd5 42. Ke3 Rf5 43. Rh4 h5 44. Ke4 Ke6 45. Ne3 Rf8 46. d5+
Kd6 47. dxc6 Kxc6 48. Nc2 Kc5 49. Rh2 a4 50. b4+ Kc4 51. Ke5 Rxf3 52. Rh4+ Kc3
53. Nd4 Re3+ 54. Kf6 a3 55. Nxb5+ Kb3 56. Nxa3 Kxa3 57. Kxg6 Rb3 1/2-1/2

[Event "Veterans 2018"]
[Site "Aubagne"]
[Date "2018.05.31"]
[Round "6.7"]
[White "Roman, Sylvian"]
[Black "Thiers, Jean-Jacques"]
[Result "0-1"]
[WhiteElo "1375"]
[BlackElo "1606"]
[PlyCount "64"]

1. e4 e5 2. Nf3 Nc6 3. Bb5 a6 4. Ba4 Nf6 5. O-O Be7 6. Re1 d6 7. d3 b5 8. Bb3
h6 9. Nbd2 O-O 10. h3 Nb8 11. Nf1 c5 12. c3 Nc6 13. Ne3 Bb7 14. Nf5 Re8 15.
Bxh6 gxh6 16. Nxh6+ Kg7 17. Nxf7 Qd7 18. N3g5 Nd8 19. Qf3 Nxf7 20. Bxf7 Rf8 21.
Qg3 Rxf7 22. Ne6+ Kh8 23. Qh4+ Rh7 24. Qg5 Qxe6 25. Qf5 Qxf5 26. exf5 Rg8 27.
f3 Bxf3 28. Kf2 Bxg2 29. Rg1 Bxh3 30. Rxg8+ Kxg8 31. Rg1+ Kf7 32. Rh1 Bxf5 0-1

[Event "Veterans 2018"]
[Site "Aubagne"]
[Date "2018.05.31"]
[Round "6.8"]
[White "Graells, Christian"]
[Black "Porte, Jacques"]
[Result "1-0"]
[WhiteElo "1520"]
[BlackElo "1265"]
[PlyCount "81"]

1. e4 c5 2. Nf3 d6 3. d4 cxd4 4. Nxd4 Nc6 5. Nf3 Nf6 6. Bd3 Bg4 7. O-O e5 8. c3
Be7 9. Nbd2 O-O 10. Qe1 Qc7 11. h3 Bd7 12. Nh2 Rad8 13. Bc2 Be6 14. b3 d5 15.
Bb2 d4 16. cxd4 Nxd4 17. Bxd4 Rxd4 18. Rc1 Ba3 19. Nhf3 Rdd8 20. Qe3 Bxc1 21.
Rxc1 Rc8 22. Ng5 Qc3 23. Qe2 Qb2 24. Qd1 h6 25. Nxe6 fxe6 26. Nc4 Rfd8 27.
Qxd8+ Rxd8 28. Nxb2 Rc8 29. f3 b5 30. Nd3 Nh5 31. Kf2 Nf4 32. Nxe5 Rc5 33. Ke3
Nxg2+ 34. Kd4 Rc7 35. Ng4 Nf4 36. Ke3 Ng2+ 37. Kd4 Nf4 38. Ke3 Ng2+ 39. Kd2 Nf4
40. e5 b4 41. Bh7+ 1-0

[Event "Veterans 2018"]
[Site "Aubagne"]
[Date "2018.05.31"]
[Round "6.9"]
[White "Strate, Francois"]
[Black "Desjardins, Rene"]
[Result "0-1"]
[WhiteElo "1400"]
[BlackElo "1363"]
[PlyCount "151"]

1. d4 d6 2. e4 g6 3. Nf3 Bg7 4. c4 Bg4 5. Be2 Nc6 6. Be3 Nf6 7. Nc3 e5 8. d5
Ne7 9. O-O a6 10. h3 Bd7 11. Rc1 Qc8 12. c5 dxc5 13. Nxe5 b6 14. Nxd7 Nxd7 15.
Bg4 O-O 16. Qd2 f5 17. exf5 Nxf5 18. Bxf5 Rxf5 19. Rcd1 Ne5 20. b3 Nf3+ 21.
gxf3 Rxf3 22. Ne2 Qxh3 23. Bf4 Qg4+ 24. Ng3 Rxf4 25. Qe2 Qxe2 26. Nxe2 Rg4+ 27.
Kh1 Rh4+ 28. Kg2 Be5 29. f4 Bf6 30. Kf3 Re8 31. Rf2 Rh3+ 32. Kg4 Rh4+ 33. Kf3
h6 34. Rg2 Rh3+ 35. Kf2 Kg7 36. f5 g5 37. Nf4 Rc3 38. Ne6+ Kh7 39. Kf1 Rh3 40.
Ke2 Bd4 41. Kd2 Be5 42. Re2 Bf6 43. Kc2 Rc3+ 44. Kb1 Rf3 45. Nxg5+ Bxg5 46.
Rxe8 Rxf5 47. Rc8 Bf4 48. Rf1 Kg6 49. Rg1+ Rg5 50. Re1 Rxd5 51. Re6+ Kf5 52.
Ree8 Rd1+ 53. Kc2 Rd2+ 54. Kb1 Be5 55. Rf8+ Ke4 56. Rce8 Rb2+ 57. Kc1 Rh2 58.
Rf1 Rh5 59. Re1+ Kd5 60. Rd1+ Kc6 61. Kc2 Rh2+ 62. Kd3 Bd4 63. b4 Rh3+ 64. Ke2
Rh2+ 65. Kf3 Rh3+ 66. Ke2 Rc3 67. Rh1 cxb4 68. Rxh6+ Kb5 69. Rh5+ c5 70. Rd8
Kc4 71. Rh4 Rd3 72. Rb8 b5 73. Ra8 Ra3 74. Rf8 Rxa2+ 75. Kd1 Ra1+ 76. Ke2 0-1

[Event "Veterans 2018"]
[Site "Aubagne"]
[Date "2018.05.31"]
[Round "6.10"]
[White "Cotton, Paul"]
[Black "Bertrand, Frederic"]
[Result "1/2-1/2"]
[WhiteElo "1386"]
[BlackElo "1579"]
[PlyCount "85"]

1. Nf3 d5 2. g3 c5 3. Bg2 Nc6 4. d3 e5 5. O-O Nf6 6. Nbd2 Bd6 7. c4 d4 8. b3
O-O 9. a3 h6 10. Qc2 a5 11. Bb2 Bf5 12. Rfe1 Qd7 13. e3 Bh3 14. exd4 exd4 15.
Ne4 Nxe4 16. Rxe4 Bxg2 17. Kxg2 Rae8 18. Rae1 Rxe4 19. Rxe4 Re8 20. Qe2 Rxe4
21. Qxe4 Qe7 22. Nd2 Qxe4+ 23. Nxe4 Be7 24. Bc1 Ne5 25. Bd2 f5 26. f4 Nxd3 27.
Nf2 Nxf2 28. Kxf2 b6 29. Ke2 Kf7 30. Kd3 Ke6 31. b4 axb4 32. axb4 g5 33. b5
gxf4 34. Bxf4 Bd8 35. Bxh6 Bc7 36. Bd2 Kf6 37. Ke2 Kg6 38. Kf3 Kh5 39. Bc1 Kg6
40. h3 Bb8 41. h4 Kh5 42. Bg5 Bc7 43. Bd2 1/2-1/2

[Event "Veterans 2018"]
[Site "Aubagne"]
[Date "2018.05.31"]
[Round "6.11"]
[White "Rocchia, Alex"]
[Black "Gaudfernau, Pierre"]
[Result "1-0"]
[WhiteElo "1275"]
[BlackElo "1245"]
[PlyCount "63"]

1. e4 e5 2. Nf3 Nc6 3. Bc4 h6 4. c3 Nf6 5. d3 Bc5 6. a4 Ng4 7. O-O d6 8. b4
Bxf2+ 9. Rxf2 Nxf2 10. Kxf2 Bg4 11. Nbd2 Qf6 12. Bb2 g5 13. Qc2 Bxf3 14. Nxf3
g4 15. Rf1 gxf3 16. Kg1 O-O-O 17. Rxf3 Qh4 18. Qe2 f6 19. Bc1 Kb8 20. Rh3 Qxh3
21. gxh3 Rd7 22. Qg4 Rhh7 23. Kh1 Rdg7 24. Qf5 Ne7 25. Qxf6 a6 26. Qf8+ Ka7 27.
Be3+ b6 28. a5 Rg6 29. axb6+ cxb6 30. Qd8 d5 31. Qc7+ Ka8 32. Bxa6 1-0

[Event "Veterans 2018"]
[Site "Aubagne"]
[Date "2018.05.31"]
[Round "6.12"]
[White "Derien, Robert"]
[Black "Hidreau, Olivier"]
[Result "1-0"]
[WhiteElo "1557"]
[BlackElo "1390"]
[PlyCount "97"]

1. e4 e6 2. d4 d5 3. Nd2 c5 4. c3 Bd7 5. a4 Nc6 6. Ngf3 cxd4 7. cxd4 Nb4 8.
exd5 Nxd5 9. Bc4 Bc6 10. Ne5 Ngf6 11. O-O Bd6 12. Nxc6 bxc6 13. Nf3 O-O 14. Bg5
h6 15. Bh4 Qc7 16. Rc1 Nd7 17. Bb5 Nb4 18. Ne5 Nxe5 19. dxe5 Bxe5 20. Bg3 Bxg3
21. hxg3 Rac8 22. Qf3 Qb6 23. Bc4 Nd5 24. b3 a5 25. Rfe1 Nb4 26. Re4 Qc5 27.
Rce1 Qf5 28. Qxf5 exf5 29. Re5 g6 30. Rxa5 Rfe8 31. Rae5 Rxe5 32. Rxe5 Kf8 33.
a5 Rc7 34. Kf1 Rd7 35. Ke2 Kg7 36. a6 Kf6 37. f4 Ra7 38. Ra5 Re7+ 39. Kd2 Ra7
40. Kc3 Nd5+ 41. Bxd5 cxd5 42. Kd4 Ke6 43. b4 Kd6 44. b5 Rc7 45. a7 Rc4+ 46.
Kd3 Rc1 47. a8=Q Rd1+ 48. Kc2 Rd4 49. Qc6+ 1-0

[Event "Veterans 2018"]
[Site "Aubagne"]
[Date "2018.05.31"]
[Round "6.13"]
[White "Souesme, Gerard"]
[Black "Cavanihac, Claude"]
[Result "0-1"]
[WhiteElo "1380"]
[BlackElo "1495"]
[PlyCount "80"]

1. e4 e5 2. Nf3 Nc6 3. Bb5 a6 4. Ba4 b5 5. Bb3 Be7 6. O-O Nf6 7. Re1 d6 8. c3
Na5 9. Bc2 c5 10. d3 O-O 11. Nbd2 Qc7 12. b4 cxb4 13. cxb4 Nc6 14. a3 Bd7 15.
Bb2 Rac8 16. Rc1 Qa7 17. h3 Rc7 18. Nb3 Be6 19. d4 Bxb3 20. Bxb3 exd4 21. Nxd4
Nxd4 22. Rxc7 Qxc7 23. Qxd4 Rd8 24. e5 dxe5 25. Qxe5 Bd6 26. Qf5 Be7 27. Bxf6
Bxf6 28. Bc2 Kf8 29. Qxh7 g6 30. Qh6+ Bg7 31. Qc1 Rc8 32. Re2 Qc4 33. Qe3 Bd4
34. Qe7+ Kg7 35. Qe4 Qc3 36. Qb7 Rc6 37. Qd7 Rf6 38. Be4 Bxf2+ 39. Kh1 Qc1+ 40.
Kh2 Qg1# 0-1

[Event "Veterans 2018"]
[Site "Aubagne"]
[Date "2018.05.31"]
[Round "6.14"]
[White "Masson, Wally"]
[Black "Guidini, Rene"]
[Result "0-1"]
[WhiteElo "1150"]
[BlackElo "1464"]
[PlyCount "94"]

1. e4 c5 2. d3 d6 3. Nc3 e6 4. Nf3 Nd7 5. Be2 Ngf6 6. Bg5 Be7 7. Qd2 Rb8 8. O-O
b6 9. h3 Bb7 10. a3 h6 11. Bh4 O-O 12. Bg3 a6 13. e5 Ne8 14. exd6 Nxd6 15. Ne5
Nxe5 16. Bxe5 Nc4 17. Qf4 Nxe5 18. Qxe5 Bd6 19. Qe3 Qh4 20. Bf3 Bf4 21. Qe2 Qe7
22. Bxb7 Rxb7 23. Qg4 Bb8 24. Ne4 f5 25. Qe2 fxe4 26. Qxe4 Rf4 27. Qc6 Qf7 28.
Qc8+ Kh7 29. Rae1 Qc7 30. Qxc7 Rxc7 31. Rxe6 Rcf7 32. Rxb6 Ba7 33. Re6 c4 34.
Re2 cxd3 35. cxd3 a5 36. g3 Rf3 37. Rd2 Rxg3+ 38. Kh1 Rxh3+ 39. Kg2 Rhf3 40. d4
R3f4 41. d5 R4f6 42. Rd3 Bxf2 43. d6 Rg6+ 44. Rg3 Bxg3 45. Rxf7 Bxd6+ 46. Kf3
Rf6+ 47. Ke4 Rxf7 0-1

[Event "Veterans 2018"]
[Site "Aubagne"]
[Date "2018.05.31"]
[Round "6.15"]
[White "Autouard, Jean-Luc"]
[Black "Amoros, Jean"]
[Result "0-1"]
[WhiteElo "1240"]
[BlackElo "1453"]
[PlyCount "84"]

1. e4 d5 2. exd5 Nf6 3. Nf3 Nxd5 4. Bc4 Nb6 5. Bb3 a5 6. a4 Bg4 7. O-O e6 8. d4
Bd6 9. d5 e5 10. Qd3 N8d7 11. Nc3 O-O 12. Ng5 Nf6 13. Nce4 Bf5 14. Qe2 h6 15.
Nxf6+ Qxf6 16. Nf3 Bg4 17. c4 Rfe8 18. Qe4 Bf5 19. Qe3 Nd7 20. Bd2 e4 21. Nd4
Bg6 22. f4 exf3 23. Rxf3 Qd8 24. Qf2 Re4 25. Bc2 Rxd4 26. Bxg6 fxg6 27. Qxd4
Bc5 28. Be3 Bxd4 29. Bxd4 Nf6 30. Raf1 Ra6 31. Bc3 Qd6 32. Kh1 Qe7 33. h3 Kh7
34. Re1 Qd8 35. Rfe3 Qf8 36. Re7 Rd6 37. Bxa5 Ra6 38. b4 b6 39. b5 Rxa5 40.
Rxc7 Rxa4 41. Ree7 Ne8 42. Rb7 Ra1+ 0-1